Elements de l'univers Zelda - Statistiques

Statistiques générales
  • Ce quiz a été pris 538 fois
  • Le résultat moyen est 22 sur 30
Statistiques - réponses
Description Element de l'univers Zelda % Correct
Trouvable dans un coffre de donjon, elle permetd'ouvrir une porte fermée Clé
99%
Element qui sert de symbole à la licence Zelda, elleest l'équilibre entre Courgae, Force et Sagesse Triforce
92%
Armes récurrentes de Link Epée
87%
Royaume le plus célèbre où ont lieues lesaventures de Link Hyrule
87%
Armes récurrentes de Link Arc et flèches
86%
Ennemi le plus récurrent de Link Ganondorf
86%
Instrument de musique le plus souvent associé à Link Ocarina
85%
Récompense obtenue dans les jeux de la saga Zelda,permettant à Link d'augmenter sa "vie" Receptacle de coeur
84%
Monnaie du monde des jeux de la saga Zelda Rubis
84%
Jument, fidèle partenaire de Link Epona
83%
Petite entité ailée qui peut soigner Link Fée
83%
Peuple de la montagne et des volcans récurrentde la saga Gorons
82%
Arme emblématique de Link dans plusieurs jeuxde la saga Epée de légende
79%
Identité secrète de Zelda Sheik
79%
Peuple de l'eau récurrent de la saga Zoras
77%
Peuple du désert récurrent de la saga Gerudos
76%
Titre officiel de Zelda Princesse
76%
Arbre sage gardien de la forêt Arbre mojo
75%
Objet permettant à Link d'ouvrir des brèches dans un mur Bombe
75%
Armes récurrentes de Link Bouclier
75%
Dénomination de Link et ses réincarnations dans les légendes Héros
63%
Peuple duquel Link provient dans Ocarina of Time Hyliens
63%
Gardien d'un donjon important du jeu, on compteparmi les rangs de ceux-ci Saria, Impa, ou encore Rauru Sage
63%
Aussi appelée "la Grande Déesse" Hylia
62%
Peuple qui a élevé Link dans Ocarina of Time Kokiris
60%
Déesse du Courage Farore
58%
Titre des 5 chevaliers protecteurs du Royaume dans Breath of the Wild Prodiges
58%
Peuple résidant principalement au Village Cocorico Sheikahs
57%
Déesse de la Force Din
54%
Déesse de la Sagesse Nayru
49%
Aucun quiz correspondant
Distribution des résultats
% des personnes avec chaque résultat
Percentile par nombre de réponses
Votre historique - résultats
Vous n’avez pas pris ce quiz